| 000 | 00608nam a2200205 a 4500 | ||
|---|---|---|---|
| 001 | 243 | ||
| 003 | CDMR | ||
| 005 | 20131126113404.0 | ||
| 008 | 130130s1993||||||||||||||||||||||||||||d | ||
| 040 |
_aCDMR _bcat _cCDMR |
||
| 100 | 1 |
_aGómez Diaz, Antonio _9153 |
|
| 245 | 1 | 0 |
_aAnálisis de la prensa como medio publicitario _cAntonio Gómez Díaz |
| 260 |
_aBarcelona _c1993 _bFeed-Back ediciones |
||
| 300 |
_a134 p ; _c21 cm |
||
| 650 | 0 | 4 |
_9154 _aPublicitat |
| 650 | 0 | 4 |
_93098 _aDiaris _xCompaginació i composició |
| 650 | 0 | 4 |
_93846 _aDiaris _xCirculació |
| 650 | 0 | 4 |
_92326 _aPremsa i llenguatge |
| 942 |
_cMON _2ddc |
||
| 999 |
_c243 _d243 |
||